| 000 | 01556cam a22004694i 4500 | ||
|---|---|---|---|
| 003 | PE-LiUPU | ||
| 005 | 20250731173114.0 | ||
| 008 | 190314s2017 ne a r 001 0 eng d | ||
| 020 | _a9004337954 | ||
| 020 | _a9789004337954 | ||
| 035 | _a(Sirsi) a251965 | ||
| 040 |
_aPE-LiUPU _bspa _cPE-LiUPU _erda _dPE-LiUPU _erda |
||
| 049 | _aPRUA | ||
| 082 | 0 | 4 |
_a220.64 _bP6 _223 |
| 245 | 0 | 0 |
_aPlaying with Leviathan : _binterpretation and reception of monsters from the Biblical world / _cedited by Koert van Bekkum [y otros tres]. |
| 264 | 1 |
_aLeiden : _bBrill, _c[2017]. |
|
| 300 |
_axxviii, 315 páginas : _bilustraciones ; _c25 centímetros. |
||
| 336 |
_atext _2rdacontent |
||
| 337 |
_aunmediated _2rdamedia |
||
| 338 |
_avolume _2rdacarrier |
||
| 490 | 0 |
_aThemes in Biblical Narrative ; _vvolume 21 |
|
| 504 | _aÍndice: páginas 297-315. | ||
| 505 | 0 | _aAncient near east -- Old Testament -- Early and rabbinic Judaism -- New Testament and Early Christianity -- Theological reflections -- Iconographic representations. | |
| 526 | _aSEG42 | ||
| 526 | _aSEG41 | ||
| 526 | _aSEG40 | ||
| 526 | _aSEG39 | ||
| 526 | _aP94 | ||
| 526 | _aP87 | ||
| 526 | _aP86 | ||
| 526 | _aP85 | ||
| 526 | _aP77 | ||
| 526 | _aP76 | ||
| 526 | _aP35 | ||
| 650 | 1 | 4 |
_aMonstruos _xEn la Biblia. _2ram |
| 650 | 2 | 7 |
_aLeviatán. _2ram |
| 700 | 1 |
_aBekkum, Koert van, _eeditor. |
|
| 910 | _adbm | ||
| 942 |
_2ddc _cBK |
||
| 999 |
_c31225 _d31225 |
||
| 980 |
_81 _gALBERTO SANCHEZ Responsable de Automatización |
||